| 000 | 00819nam a2200229 i 4500 | ||
|---|---|---|---|
| 001 | 171492 | ||
| 003 | ES-MaACL | ||
| 005 | 20250808062808.0 | ||
| 008 | 090519s1974 sp |||| | spa d | ||
| 017 | _aM 1472-1974 | ||
| 020 | _a84-220-0673-1 | ||
| 245 | 0 | 0 |
_aDocumentos colectivos del Episcopado español, 1870-1974 / _cedición completa, preparada por Jesús Iribarren ; presentación de Vicente Enrique y Tarancón. |
| 260 |
_aMadrid : _bLa Editorial Católica, _c1974. |
||
| 300 |
_aXI, 561 p. ; _c20 cm. |
||
| 490 | 1 |
_aBiblioteca de autores cristianos ; _v355 |
|
| 500 | _aÍndices. | ||
| 700 | 0 |
_aIribarren, Jesús. _965453 |
|
| 700 | 1 |
_aEnrique y Tarancón, Vicente. _947273 |
|
| 830 | 0 | 0 |
_aBiblioteca de autores cristianos _v355 _9178679 |
| 852 |
_aES-MaACL _jJ-348 _9R.46092 |
||
| 999 |
_c171492 _d171492 |
||